000 00601nam a2200229Ia 4500
003 OSt
005 20220924151829.0
006 a|||||r|||| 00| 0
007 ta
008 220923b |||||||| |||| 00| 0 mar d
024 _a339272
037 _cTextual
040 _aARTS
_cARTS
_bmar
041 _2mar
_amar
082 _az44, 155A
100 _aPavagi Narayan BhawanRao
_9225058
245 0 _aBharatiya samarajya purvardh pustak chavathy
260 _c1800
650 _aGENERALIA
942 _hz44, 155A
_cTEXL
_2CC
999 _c467790
_d467790